00543 2200217 4500001002100000005001500021035001900036245003700055100001100092300003800103260003700141082000700178084001300185020002100198008004100219990001300260990001300273990001300286990001300299990001300312INLIS00000000000298020260409073411$a 0010-0426000071$a Keajaiban Menara Pisa /$c Tim CBM$a Tim CBM$a 56 hlm : $b ilus ; $c 17.5 x 25 cm$a Bandung :$b PT Karya Kita,$c 2007$a 932$a 932 TIM k$a 978-979-9282-63-7260409 0 $a 2499/2012$a 2496/2012$a 2497/2012$a 2498/2012$a 2500/2012